00345nam a2200109Ia 4500008004100000082001700041100001800058245003900076942000600115952009900121999001500220240331s9999 xx 000 0 und d a302.232bTHI aNagarjuna. tr 0aTiraippata metai sergai eisenstein cL 001040708LaWERCLbWERCLcSSCd2024-03-31l0o 302.232 THIp1625r2024-03-31w2024-03-31yL c1277d1277